书目信息 |
| 题名: |
毛泽东同志主办农民运动讲习所旧址
|
|
| 作者: | ;毛泽东同志主办农民运动讲习所旧址陈列馆 编 | |
| 分册: | ||
| 出版信息: | 北京 文物出版社 1979 |
|
| 页数: | 30页 | |
| 开本: | 19cm | |
| 丛书名: | 革命文物丛书 | |
| 单 册: | ||
| 中图分类: | K878.23 | |
| 科图分类: | ||
| 主题词: | 农民运动讲习所-故址 , 故址-农民运动讲习所 | |
| 电子资源: | ||
| ISBN: | ||
| 000 | 00872nam2 2200253 45 | |
| 001 | 0179006970 | |
| 005 | 20060819094029.39 | |
| 010 | @dCNY0.28 | |
| 091 | @aCN@b11068.753 | |
| 100 | @a19950814d1979 em y0chiy0121 ea | |
| 101 | 0 | @achi |
| 102 | @aCN@b110000 | |
| 105 | @af z 000yy | |
| 200 | 10 | @a毛泽东同志主办农民运动讲习所旧址@Amao ze dong tong zhi zhu ban nong min yun dong jiang xi suo jiu zhi@f毛泽东同志主办农民运动讲习所旧址陈列馆编 |
| 210 | @a北京@c文物出版社@d1979 | |
| 215 | @a30页@c照片@d19cm | |
| 225 | 2 | @a革命文物丛书 |
| 410 | 0 | @120010@a革命文物丛书 |
| 606 | @a农民运动讲习所-故址 | |
| 606 | @a故址-农民运动讲习所 | |
| 690 | @aK878.23@v3 | |
| 711 | 02 | @a毛泽东同志主办农民运动讲习所旧址陈列馆@Amao ze dong tong zhi zhu ban nong min yun dong jiang xi suo jiu zhi chen lie guan@4编 |
| 801 | 0 | @aCN@bTSSF@c20060819 |
| 905 | @a10447@dK878.23@e199 | |
| 毛泽东同志主办农民运动讲习所旧址/毛泽东同志主办农民运动讲习所旧址陈列馆编.-北京:文物出版社,1979 |
| 30页:照片;19cm.-(革命文物丛书) |
| ISBN :CNY0.28 |
| ● |
| 相关链接 |
|
|
|
|
正题名:毛泽东同志主办农民运动讲习所旧址
索取号:K878.23/199
 
预约/预借
| 序号 | 登录号 | 条形码 | 馆藏地/架位号 | 状态 | 备注 |
| 1 | 0466827 | 204668270 | 密集书库/ [索取号:K878.23/199] | 在馆 |